International Morse code - Click Quiz - Statistics

General Stats
  • This quiz has been taken 264 times
  • The average score is 18 of 36
Answer Stats
Hint Answer % Correct
O ▬ ▬ ▬
80%
S ● ● ●
70%
T
64%
A ● ▬
62%
E
60%
N ▬ ●
59%
I ●●
58%
C ▬ ● ▬ ●
57%
M ▬ ▬
57%
R ● ▬ ●
55%
H ●●●●
54%
5 ● ● ● ● ●
52%
X ▬ ● ● ▬
49%
K ▬ ● ▬
49%
2 ● ● ▬ ▬ ▬
49%
P ● ▬ ▬ ●
48%
U ● ● ▬
47%
Z ▬ ▬ ● ●
46%
V ● ● ● ▬
45%
B ▬ ● ● ●
45%
0 ▬ ▬ ▬ ▬ ▬
45%
4 ● ● ● ● ▬
45%
1 ● ▬ ▬ ▬ ▬
44%
F ● ● ▬ ●
44%
9 ▬ ▬ ▬ ▬ ●
44%
G ▬ ▬ ●
44%
Q ▬ ▬ ● ▬
44%
J ● ▬ ▬ ▬
44%
D ▬ ● ●
43%
3 ● ● ● ▬ ▬
43%
Y ▬ ● ▬ ▬
42%
7 ▬ ▬ ● ● ●
42%
W ● ▬ ▬
41%
L ● ▬ ● ●
41%
6 ▬ ● ● ● ●
40%
8 ▬ ▬ ▬ ● ●
36%
No matching quizzes found
Score Distribution
Percent of People with Each Score
Percentile by Number Answered
Your Score History
You have not taken this quiz